000 00672nam a2200253Ia 4500
003 OSt
005 20220928125435.0
006 a|||||r|||| 00| 0
007 ta
008 220927b |||||||| |||| 00| 0 eng d
024 _a69284
037 _cTextual
040 _aSDCL
_cSDCL
_beng
041 _2eng
_aeng
082 _aD6,8(B) :4, P8
100 _aPal Chaudhuri P
_9469567
245 0 _aComputer organization and design.
250 _a3
260 _aNew Delhi
_bPrentice-Hall
_c2008
300 _axvii,897p.
_ccm.
650 _aComputer Design
_9420161
942 _hD6,8(B) :4, P8
_cTEXL
_2CC
999 _c782272
_d782272